Ética y valores 1 / (Registro nro. 8933)
[ vista simple ]
| 000 -LIDER | |
|---|---|
| fixed length control field | 00735nam a22002177a 4500 |
| 003 - IDENTIFICACDOR DE NÚMERO DE CONTROL | |
| control field | DO-SdBNP |
| 005 - DATE AND TIME OF LATEST TRANSACTION | |
| control field | 20151126140437.0 |
| 008 - ELEMENTOS DE LONGITUD FIJA | |
| fixed length control field | 151126b 2005 mx xxu||||| |||| 00| 0 spa d |
| 020 ## - ISBN | |
| International Standard Book Number | 9701051777 |
| 040 ## - FUENTE DE CATALOGACIÓN | |
| Agencia que crea de manera original el registro | BPMSU |
| Idioma de catalogación | spa |
| Agencia que realiza la transcripción | BPMSU |
| 092 ## - LOCALLY ASSIGNED DEWEY DECIMAL CALL NUMBER | |
| Número de clasificación | xxxxx |
| Número de ítem (Cutter) | xxxxx |
| 100 1# - ASIENTO PRINCIPAL -- NOMBRE PERSONAL | |
| Nombre personal | Sagols Sales, Lizbeth Margarita |
| 245 10 - MENCIÓN DE TITULO | |
| Título | Ética y valores 1 / |
| Mención de responsabilidad | Lizbeth Margarita Sagols Sales, María Teresa de la Garza Camino, Jorge Enrique Linares Salgado. |
| 260 ## - PUBLICACIÓN, DISTRIBUCIÓN, ETC. (PIE DE IMPRENTA) | |
| Lugar de publicación, distribución, etc | México : |
| Nombre del editor, distribuidor, etc. | MCGRAW-HILL INTERAMERICANA, |
| Fecha de publicación, distribución, etc | 2005. |
| 300 ## - DESCRIPCIÓN FÍSICA | |
| Extensión | viii, 144 p. : |
| Otros detalles físicos | il., retrs. ; |
| Dimensiones | 27 cm. |
| 700 12 - ASIENTO SECUNDARIO -- NOMBRE PERSONAL | |
| Nombre personal | Garza Camino, María Teresa de la |
| 700 12 - ASIENTO SECUNDARIO -- NOMBRE PERSONAL | |
| Nombre personal | Linares Salgado, Jorge Enrique |
| 910 ## - VALIDACIÓN | |
| Validación | 00260 |
| 942 ## - ADDED ENTRY ELEMENTS (KOHA) | |
| Source of classification or shelving scheme | Dewey Decimal Classification |
| Koha item type | Libros |
| 956 ## - LOCAL ELECTRONIC LOCATION AND ACCESS (OCLC) | |
| Nombre de host | Lorenza Pérez |
| Número de acceso | 10 |
| Withdrawn status | Lost status | Source of classification or shelving scheme | Damaged status | Not for loan | Collection code | Home library | Current library | Date acquired | Source of acquisition | Total Checkouts | Barcode | Date last seen | Price effective from | Koha item type | Copy number |
|---|---|---|---|---|---|---|---|---|---|---|---|---|---|---|---|
| Dewey Decimal Classification | Biblioteca Pública Metropolitana Salomé Ureña | Biblioteca Pública Metropolitana Salomé Ureña | 11/26/2015 | Donación | BPMSU15110509 | 11/26/2015 | 11/26/2015 | Libros | |||||||
| Dewey Decimal Classification | Biblioteca Pública Metropolitana Salomé Ureña | Biblioteca Pública Metropolitana Salomé Ureña | 11/26/2015 | Donación | BPMSU15110510 | 11/26/2015 | 11/26/2015 | Libros | ej. 2 | ||||||
| Dewey Decimal Classification | Biblioteca Pública Metropolitana Salomé Ureña | Biblioteca Pública Metropolitana Salomé Ureña | 11/26/2015 | Donación | BPMSU15110511 | 11/26/2015 | 11/26/2015 | Libros | ej. 3 |